000 00509nam a2200181Ia 4500
999 _c16827
_d16827
003 OSt
005 20200606120017.0
008 190216s9999||||xx |||||||||||||| ||und||
020 _a9788190545082
040 _cMESKC library
082 _a305.231
_bTAK/K
100 _aTakur, DK
_9252
245 0 _aKishoravastha mem Jagrooktha /
_cDK Takur
260 _bVimal Book Centre,
_c2012.
_aJaipur:
300 _a177p
650 _aHindi
942 _cBK
_2ddc
_h305.231
_iTAK/K
_k305.231
_mTAK/K